000
00213 a2200097 4500
001
28962
100
_a
Pettit J.M
245
_a
Electronic Switching Timing
260
_a
_b
McGraw-Hill
_c
090
_c
19358
_d
19358
942
_a
NUST-CAE
_c
M
_c
10400
999
_c
264035
_d
264035